| 000 | 00402nam a2200133Ia 4500 | ||
|---|---|---|---|
| 008 | 191023s9999 xx 000 0 und d | ||
| 020 | _a9781305506688 | ||
| 100 | _aDeitz, James E. | ||
| 245 |
_cJames E. Deitz, James L. Southam.-- _aContemporary business mathematics for college / |
||
| 250 | _a17th ed | ||
| 260 |
_aUSA : _bCengage Learning _c2016 |
||
| 300 | _axv, 527 pages. | ||
| 650 | _aMathematics | ||
| 999 |
_c362287 _d362287 |
||